000 00505nam a2200193Ia 4500
005 20140311163132.0
008 140130s9999 xx 000 0 und d
020 _a9780545034449
050 _aF 334.M79
_b.N43 2007
100 _aFreedman, Russell
_915129
245 _cFreedman, Russell
_aFreedom walkers /
260 _bScholastic,
_c2007.
_aNew York :
300 _axi, 114 p. :
_bill. ;
_c25 cm.
440 _v1
_931174
521 _aG11
526 _c1110
942 _cBK
_2lcc
999 _c41431
_d41431